00629 2200229 4500001002100000005001500021035002000036007000300056008004100059020001800100082001000118084001600128100002500144245008300169250001300252260003400265300003800299650001500337505001300352990001700365990001700382INLIS00000000000321320240715092016 a0010-0724000070ta240715 g 0 ind  a9786022711384 a610.7 a610.7 SUD p0 aSudigdo Sastroasmoro1 aPanduan Penulisan Makalah Ilmiah Kedokteran Ed. 2 :b- /cSudigdo Sastroasmoro a1, cet-1 aJakarta :bSagung Seto,c2019 ahlm. 140 :bilust ;c21x 30 cme- 4aKedokteran ahlm. 140 a102024008174 a102024008173